000 01379nam a2200349 4500
001 0000024444
003 CO-CtgCURN
005 20250331185201.0
007 ta
008 160628s1997 000 0 eng d
020 _a9500626152
040 _aCO-CtgCURN
_bspa
_ccoctgcurn
082 0 _a616.01
_bZ45m
100 1 _aZinsser, Hans.
245 1 0 _aMicrobiología /
_cHans Zinsser , colaboradores Wolfgang K. Joklik ... [et al.] , traducción de editorial medica panamericana efectuada por las doctoras Marta Boxaca, Nora Meeroff, Karen Mikkelsen.
250 _a20a ed.
260 _aBogotá :
_bMedica Panamericana,
_c1997.
300 _a1696 p :
_bil.
336 _2rdacontent
337 _2rdamedia
_asin mediacion
_bn
338 _2rdacarrier
_avolumen
_bnc
505 8 _aFisiología bacteriana.--Inmunología.--Bacteriología medica.--Virología basica.--Virología clinica.--Micología medica
650 1 4 _aMicrobiología.
908 _a160627
942 _cBK
_h616.01
_iZ45m
_2ddc
999 _c22258
_d22258